Countries Closest to Ukraine - 15 Second Sprint - Statistics

General Stats
  • This quiz has been taken 81 times
  • The average score is 6 of 20
Answer Stats
km country miles % Correct
0 Russia 0
98%
0 Belarus 0
78%
0 Romania 0
75%
0 Moldova 0
71%
0 Poland 0
71%
0 Hungary 0
51%
0 Slovakia 0
39%
148 Bulgaria 92
31%
467 Latvia 290
22%
220 Lithuania 136
19%
264 Czechia 164
17%
365 Turkey 227
17%
285 Serbia 177
10%
417 Georgia 259
7%
469 Slovenia 252
7%
436 Bosnia and Herzegovina 271
5%
432 Greece 269
5%
368 Croatia 229
3%
372 Austria 231
2%
468 Kazakhstan 291
2%
No matching quizzes found
Score Distribution
Percent of People with Each Score
Percentile by Number Answered
Your Score History
You have not taken this quiz